000 00937nam a2200265 a 4500
001 000008759
003 DO-SdBNP
005 20260306141203.0
008 090918s2009 dr 000 0 spa d
040 _aDO-SdBNP
_bspa
_cBNUPHU
082 _a336.26
_bC587a
100 1 _aClander, Luis
_923293
245 1 4 _aLas aduanas dominicanas y el comercio exterior /
_cLuis Clander.
260 _aSanto Domingo :
_bSoto Castillo,
_c2009.
300 _a387 p. ;
_c21 cm.
500 _aIncluye datos biográficos del autor en la contracubierta
500 _aIncluye referencias bibliográficas y notas al pie de las páginas
504 _aBibliografía : p. 385- 387
590 _aInventariado, 2018/LP
650 4 _aAranceles de aduanas
_zRepública Dominicana
_xLegislación
_923294
650 4 _aLegislación aduanera
_919088
650 0 _aVentas de exportación
_923295
910 _aValidado. Control de calidad MFF
942 _2ddc
_cLBS1
999 _c8528
_d8528